[Event "Nordic Championship Women"]
[Site "Vaxjo"]
[Date "2017.06.29"]
[Round "2.3"]
[White "Fredericia, Louise"]
[Black "Cramling, Anna"]
[Result "1-0"]
[WhiteElo "2089"]
[BlackElo "1912"]

1.f4 c5 2.Nf3 Nc6 3.e3 d5 4.Bb5 Bd7 5.b3 e6 6.O-O f6 7.Bb2 g6 8.d3 Bg7 9.
Nbd2 Nge7 10.Qe2 O-O 11.e4 Qb6 12.c4 d4 13.g4 Qc7 14.Bxc6 Nxc6 15.Nh4 Bh6 
16.Ng2 Nb4 17.Rf3 Nc2 18.Raf1 Ne3 19.Nxe3 dxe3 20.Nb1 e5 21.f5 Bf4 22.Nc3 
Bc6 23.Bc1 Qa5 24.Nd1 Qc3 25.Nxc3 1-0

[Event "Nordic Championship Women"]
[Site "Vaxjo"]
[Date "2017.06.29"]
[Round "2.4"]
[White "Kakulidis, Ellen"]
[Black "Horn, Emilia"]
[Result "1-0"]
[WhiteElo "1914"]
[BlackElo "1995"]

1.e4 e5 2.Nf3 Nc6 3.Bb5 Nf6 4.d3 d6 5.c3 Be7 6.h3 a6 7.Ba4 h6 8.O-O O-O 9.
Nbd2 b5 10.Bc2 Bb7 11.Re1 a5 12.Nf1 b4 13.Ng3 Re8 14.Ba4 Nd7 15.Bd2 bxc3 
16.bxc3 Ncb8 17.Nf5 Bf6 18.Nh2 Bg5 19.Qg4 Qf6 20.Bxg5 Qxg5 21.Nxh6+ gxh6 
22.Bxd7 Nxd7 23.Qxd7 Re6 24.Re3 Rg6 25.Rg3 Qd2 26.Rxg6+ fxg6 27.Qxc7 Qb2 
28.Rf1 d5 29.Ng4 Rf8 30.Nxh6+ Kh8 31.Qxe5+ Kh7 32.Qe7+ Kxh6 33.Qxf8+ Kh7 
34.Qf7+ 1-0

[Event "Nordic Championship Women"]
[Site "Vaxjo"]
[Date "2017.06.29"]
[Round "2.5"]
[White "Lindberg, Cajsa"]
[Black "Berg Laachiri, Susanna"]
[Result "1-0"]
[WhiteElo "1734"]
[BlackElo "1911"]

1.d4 d5 2.c4 e6 3.Nc3 c5 4.cxd5 exd5 5.Nf3 Nc6 6.dxc5 d4 7.Na4 Bxc5 8.Nxc5
Qa5+ 9.Qd2 Qxc5 10.e3 Bg4 11.Nxd4 Rd8 12.Qc3 Qd5 13.f3 Bd7 14.Bc4 Qg5 15.
O-O Nge7 16.Nxc6 Nxc6 17.e4 Qe5 18.Qxe5+ Nxe5 19.Bd5 Bb5 20.Rd1 O-O 21.Bf4
Nd3 22.Be3 b6 23.Rd2 Rc8 24.h4 h6 25.a4 Ba6 26.a5 bxa5 27.Rxa5 Nb4 28.Bxa7
Rc1+ 29.Kh2 Bf1 30.Rc5 Re1 31.Rc3 Nxd5 32.exd5 Re2 33.Rcc2 Rxd2 34.Rxd2 
Rd8 35.Kg3 Bc4 36.d6 Bb5 37.b4 Rd7 38.Bc5 Kh7 39.Kf4 Kg6 40.g4 Kf6 41.Rd5 
Kg6 42.Rd1 Kf6 43.g5+ hxg5+ 44.hxg5+ Ke6 45.Re1+ Kd5 46.Re5+ Kc4 47.Ke3 
Bc6 48.f4 g6 49.f5 gxf5 50.Rxf5 Ba4 51.Re5 Bc6 52.Kf4 Ba4 53.Re7 Kd5 54.
Kf5 Kc6 55.Kf6 Bb3 56.b5+ 1-0

[Event "Nordic Championship"]
[Site "Vaxjo"]
[Date "2017.06.29"]
[Round "5.1"]
[White "Grandelius, Nils"]
[Black "Smith, Axel"]
[Result "1-0"]
[WhiteElo "2655"]
[BlackElo "2505"]

1.Nf3 Nf6 2.c4 c5 3.Nc3 Nc6 4.d4 cxd4 5.Nxd4 e6 6.a3 Nxd4 7.Qxd4 b6 8.Qf4 
Bb7 9.e4 Bc5 10.Bd3 O-O 11.O-O d5 12.e5 dxc4 13.Bxc4 Nd5 14.Qg3 Nxc3 15.
Bh6 g6 16.bxc3 Rc8 17.Rfd1 Qc7 18.Bxf8 Bxf8 19.Bf1 Qxc3 20.Qf4 Qc7 21.Rac1
Bc5 22.h4 h5 23.Be2 Qe7 24.a4 Rf8 25.Qf6 Qxf6 26.exf6 Bd5 27.Rc3 Bd6 28.
Bf3 Be5 29.Re3 Bxf6 30.Bxd5 exd5 31.Rxd5 Bxh4 32.Rd7 Bf6 33.Rxa7 Bd4 34.
Rd3 Bc5 35.Rad7 Kg7 36.Rd8 Rxd8 37.Rxd8 Kf6 38.Rc8 Bd4 39.Kf1 h4 40.Rc4 
Ke5 41.Rb4 f6 42.Ke2 g5 43.f3 f5 44.Rb5+ Kf4 45.Rb4 Ke5 46.Kd3 Bg1 47.Rb1 
Bf2 48.Rf1 Bc5 49.Rc1 Bf2 50.Ke2 Bd4 51.Rc4 Bg1 52.f4+ gxf4 53.Kf3 Be3 54.
Rc6 Kd5 55.Rc8 Kd6 56.Ra8 Kd5 57.Ra7 Kd6 58.Ra8 Kd5 59.Rf8 Kc4 60.Rxf5 Kb4
61.Rh5 Kxa4 62.Rxh4 b5 63.g3 Kb3 64.gxf4 Bc5 65.f5 b4 66.f6 Kc3 67.Rh5 Bf8
68.Rh8 Bd6 69.Rd8 Be5 70.f7 Bg7 71.Rg8 Bh6 72.Rh8 Bg7 73.Ke3 b3 74.Rc8+ 
Kb2 75.Kd3 Kb1 76.f8=Q Bxf8 77.Rxf8 b2 78.Rf1+ Ka2 79.Kc2 Ka3 80.Rb1 1-0

[Event "Nordic Championship"]
[Site "Vaxjo"]
[Date "2017.06.29"]
[Round "5.2"]
[White "Schneider, Stefan"]
[Black "Hjartarson, Johann"]
[Result "0-1"]
[WhiteElo "2360"]
[BlackElo "2541"]

1.d4 Nf6 2.Nf3 g6 3.c4 Bg7 4.Nc3 O-O 5.Bg5 d6 6.e3 c5 7.d5 e6 8.Be2 exd5 
9.cxd5 Re8 10.Nd2 a6 11.a4 Nbd7 12.O-O Rb8 13.Qc2 h6 14.Bh4 Ne5 15.h3 g5 
16.Bg3 Qe7 17.a5 Nfd7 18.Rfe1 b5 19.axb6 Rxb6 20.f4 Ng6 21.Bd3 Ndf8 22.Kh2
Rb4 23.Nc4 h5 24.Na5 h4 25.Bf2 Qf6 26.Ne4 Rexe4 27.Bxe4 Rxb2 28.Bxg6 fxg6 
29.Qd3 Rxf2 30.Kg1 Qb2 0-1

[Event "Nordic Championship"]
[Site "Vaxjo"]
[Date "2017.06.29"]
[Round "5.3"]
[White "Kjartansson, Gudmundur"]
[Black "Rasmussen, Allan Stig"]
[Result "0-1"]
[WhiteElo "2464"]
[BlackElo "2540"]

1.Nf3 d5 2.g3 Nf6 3.Bg2 Bf5 4.O-O e6 5.c4 c6 6.cxd5 exd5 7.d3 Be7 8.Qb3 
Qb6 9.Qc2 O-O 10.Nc3 h6 11.e4 Bh7 12.Be3 Qa6 13.Rad1 Nbd7 14.e5 Ne8 15.Bh3
Rd8 16.Na4 Nc7 17.Bxd7 Rxd7 18.Nc5 Bxc5 19.Bxc5 Re8 20.Rfe1 Ne6 21.Bd6 c5 
22.Qc3 d4 23.Qc4 b5 24.Qd5 b4 25.Qc4 Qxc4 26.dxc4 f6 27.Nd2 fxe5 28.Bxe5 
a5 29.f4 a4 30.Ne4 Bxe4 31.Rxe4 Nd8 32.Kf2 Nc6 33.Kf3 Nxe5+ 34.fxe5 Rf7+ 
35.Kg2 Re6 36.Rde1 Kf8 37.Rf4 Ke8 38.Kf3 Rfe7 39.Rfe4 Kd7 40.Kg4 Rg6+ 41.
Kf3 Ke6 42.g4 h5 43.h3 hxg4+ 44.hxg4 Rf7+ 45.Rf4 Rh6 46.Rxf7 Kxf7 47.g5 
Rh3+ 48.Kg4 Re3 49.Rf1+ Kg6 50.Rf8 Re4+ 51.Kf3 Rxe5 52.Ra8 Kxg5 53.Rxa4 
Re3+ 54.Kf2 Kf4 55.Ra7 g5 56.Rf7+ Ke4 57.Rc7 Rf3+ 58.Kg2 Rf5 59.a4 bxa3 
60.bxa3 Kd3 0-1

[Event "Nordic Championship"]
[Site "Vaxjo"]
[Date "2017.06.29"]
[Round "5.4"]
[White "Westerberg, Jonathan"]
[Black "Thybo, Jesper Sondergaard"]
[Result "1-0"]
[WhiteElo "2468"]
[BlackElo "2465"]

1.e4 e5 2.Nf3 Nc6 3.Bc4 Bc5 4.c3 Nf6 5.b4 Bb6 6.d3 d6 7.a4 a6 8.O-O h6 9.
Nbd2 O-O 10.a5 Ba7 11.Bb3 Re8 12.Re1 Be6 13.Nc4 d5 14.Ncxe5 Nxe5 15.Nxe5 
dxe4 16.d4 c6 17.Bc2 Nd5 18.Bd2 f5 19.Ra3 Qf6 20.Qe2 Rad8 21.Kh1 Nc7 22.
Raa1 Nb5 23.f4 exf3 24.Qxf3 Nd6 25.Qg3 Bd5 26.Rf1 Ne4 27.Bxe4 Bxe4 28.Rae1
Qe6 29.Bf4 Kh7 30.h4 Bb8 31.h5 Qf6 32.Qg6+ Qxg6 33.hxg6+ Kg8 34.Nf7 Rc8 
35.Bxb8 Rxb8 36.Ne5 Rbd8 37.Rf4 Rd6 38.Kh2 h5 39.Re2 Bb1 40.Ref2 Ree6 41.
Rh4 f4 42.Rxh5 Bxg6 43.Rh4 Bb1 44.Rhxf4 Rf6 45.g4 Rxf4 46.Rxf4 Rh6+ 47.Kg3
Ba2 48.Rf1 Bd5 49.Nd7 Re6 50.Rf8+ Kh7 51.Ne5 Re7 52.g5 g6 53.Rf6 Be4 54.
Rf7+ Rxf7 55.Nxf7 Bd5 56.Nd6 c5 57.bxc5 1-0

[Event "Nordic Championship"]
[Site "Vaxjo"]
[Date "2017.06.29"]
[Round "5.5"]
[White "Neretljak, Nedzad"]
[Black "Blomqvist, Erik"]
[Result "0-1"]
[WhiteElo "2083"]
[BlackElo "2554"]

1.e4 c5 2.Nf3 Nc6 3.Nc3 g6 4.d4 cxd4 5.Nxd4 Bg7 6.Be3 Nf6 7.Nb3 O-O 8.Be2 
a6 9.f4 d6 10.O-O Be6 11.g4 b5 12.g5 Nd7 13.Rf2 Rc8 14.h4 Nb6 15.h5 Nc4 
16.Bxc4 Bxc4 17.Qg4 f5 18.Qh4 gxh5 19.exf5 Qd7 20.f6 exf6 21.Qxh5 fxg5 22.
Ne4 Qe8 23.Qh1 gxf4 24.Bb6 Ne5 25.Nd4 Ng4 26.Rd2 d5 27.b3 dxe4 28.bxc4 Qg6
0-1

[Event "Nordic Championship"]
[Site "Vaxjo"]
[Date "2017.06.29"]
[Round "5.6"]
[White "Aroven, Mikael"]
[Black "Johansson, Linus"]
[Result "0-1"]
[WhiteElo "2114"]
[BlackElo "2448"]

1.Nf3 Nf6 2.g3 b6 3.Bg2 Bb7 4.O-O e6 5.d3 d5 6.Nbd2 Be7 7.c3 c5 8.Qc2 Qc7 
9.Re1 Nc6 10.e4 Rc8 11.Nf1 b5 12.b3 b4 13.Bb2 O-O 14.e5 Nd7 15.c4 d4 16.
Qe2 a5 17.Bc1 a4 18.Bf4 Ra8 19.h4 Ra7 20.Rab1 Rfa8 21.N1h2 axb3 22.axb3 
Ra2 23.Qd1 R8a7 24.Ng4 Qd8 25.Ng5 Nf8 26.Ne4 Ng6 27.h5 Nxf4 28.gxf4 Nb8 
29.Qf3 R2a6 30.Kh1 Bxe4 31.Qxe4 Bf8 32.Bf3 Kh8 33.Kg2 Qc8 34.Qe2 Nc6 35.
Be4 Ne7 36.Nh2 Ng8 37.Kh1 Ra2 38.Rb2 Rxb2 39.Qxb2 Qd8 40.Nf3 f5 41.exf6 
Qxf6 42.Ra1 Rxa1+ 43.Qxa1 Qf7 44.Kg2 Qxh5 45.Qa8 Qg4+ 46.Kf1 Qxf4 47.Qe8 
Qf6 48.Qb8 g6 49.Ne5 Kg7 50.Nd7 Qe7 51.Qe5+ Nf6 52.Bc6 Kf7 53.Nxf6 Qxf6 
54.Be8+ Kg7 55.Qc7+ Be7 56.Bd7 Qf3 57.Qe5+ Bf6 58.Qxc5 Qxd3+ 59.Kg2 Qe4+ 
60.f3 Qe2+ 61.Kg1 d3 62.Qf2 Qd1+ 63.Kg2 Qc2 0-1

[Event "Nordic Championship"]
[Site "Vaxjo"]
[Date "2017.06.29"]
[Round "5.7"]
[White "Lokander, Martin"]
[Black "Malm Lindberg, Henrik"]
[Result "1-0"]
[WhiteElo "2329"]
[BlackElo "2214"]

1.e4 c5 2.Nf3 e6 3.d4 cxd4 4.Nxd4 Nf6 5.Nc3 d6 6.g4 h6 7.Rg1 Nc6 8.Be3 a6 
9.h4 h5 10.gxh5 Nxh5 11.Nxc6 bxc6 12.Qd2 Nf6 13.O-O-O Qc7 14.Bf4 e5 15.Bg5
Be6 16.f4 exf4 17.Bxf4 Rxh4 18.Be2 Nd7 19.Rh1 Rxh1 20.Rxh1 Ne5 21.Rh8 Rd8 
22.Bg5 f6 23.Be3 Qa5 24.Qd4 c5 25.Qd1 Kd7 26.a3 Kc8 27.Rxf8 Rxf8 28.Qxd6 
Re8 29.Bxa6+ 1-0

[Event "Nordic Championship"]
[Site "Vaxjo"]
[Date "2017.06.29"]
[Round "5.8"]
[White "Ziska, Helgi Dam"]
[Black "Johansson, Thomas"]
[Result "1-0"]
[WhiteElo "2544"]
[BlackElo "2205"]

1.e4 e6 2.d4 d5 3.Nd2 h6 4.Bd3 dxe4 5.Nxe4 Nd7 6.Nf3 Ngf6 7.Qe2 Bb4+ 8.c3 
Be7 9.O-O Nxe4 10.Bxe4 Nf6 11.Bxb7 Bxb7 12.Qb5+ c6 13.Qxb7 Qc8 14.Qxc8+ 
Rxc8 15.Ne5 Nd7 16.Be3 Nb6 17.c4 Bf6 18.b3 Bxe5 19.dxe5 c5 20.Rad1 Rc6 21.
Rd6 Rxd6 22.exd6 Nd7 23.Rc1 a5 24.Bd2 O-O 25.Bxa5 Ra8 26.b4 cxb4 27.Bxb4 
Rxa2 28.c5 Ne5 29.c6 Nxc6 30.d7 Ra7 31.g3 Rxd7 32.Rxc6 e5 33.Rc8+ Kh7 34.
Re8 f6 35.Re7 Rd8 36.Rb7 h5 37.Kg2 Kg6 38.Kf3 Rd3+ 39.Ke4 Rd4+ 40.Ke3 Rd8 
41.h4 Kh6 42.Be7 Ra8 43.Ke4 Kg6 44.Bd6 Ra4+ 45.Kd5 Ra8 46.Ke6 Re8+ 47.Be7 
Ra8 48.f4 exf4 49.gxf4 Ra6+ 50.Bd6 Ra8 51.f5+ Kh7 52.Kf7 Ra4 53.Bf8 Rg4 
54.Re7 Rg1 55.Bxg7 1-0

[Event "Nordic Championship"]
[Site "Vaxjo"]
[Date "2017.06.29"]
[Round "5.9"]
[White "Lindgren, Philip"]
[Black "Dragicevic, Drazen"]
[Result "0-1"]
[WhiteElo "2420"]
[BlackElo "2306"]

1.d4 Nf6 2.c4 e6 3.g3 d5 4.Nf3 Be7 5.Bg2 O-O 6.O-O dxc4 7.Qc2 b6 8.Ne5 
Qxd4 9.Bxa8 Qxe5 10.Qxc4 Ba6 11.Qc3 Qxc3 12.Nxc3 c6 13.Bf4 Nfd7 14.Rfd1 e5
15.Be3 Rc8 16.Rd2 Nf6 17.Rad1 Kf8 18.f3 h6 19.g4 Ne8 20.Ne4 Nc7 21.Bxc6 
Nxc6 22.Rc1 Nb4 23.Nd6 Bxd6 24.Rxd6 Nbd5 25.Bd2 Ke7 26.Rdc6 Bxe2 27.Re1 
Bxf3 28.Rxe5+ Kd7 29.Rc4 Nf6 30.g5 hxg5 31.Bxg5 Bd5 32.Rxc7+ Kxc7 33.Bxf6 
gxf6 34.Rxd5 Rg8+ 35.Kf2 Rg5 36.Rd4 Rc5 37.Kg3 Rc2 38.Rb4 Kc6 39.h4 Kc5 
40.Rb3 Kd4 41.Kg4 Ke4 42.Rb4+ Ke5 43.Rb5+ Ke6 44.Rb4 f5+ 45.Kf3 Kf6 46.a4 
Kg6 47.Kg3 Re2 48.Kf3 Rh2 49.Kg3 Rd2 50.b3 Rd3+ 51.Kg2 Kh5 52.Rf4 Rxb3 53.
Rxf5+ Kxh4 54.Rxf7 a5 55.Kf2 Rb4 56.Rf6 Kg5 57.Rc6 Kf4 58.Ke2 Ke4 59.Kd2 
Kd5 60.Rh6 Kc5 61.Rh5+ Kc4 62.Rh6 Kb3 0-1

[Event "Nordic Championship"]
[Site "Vaxjo"]
[Date "2017.06.29"]
[Round "5.10"]
[White "Hansen, Mads"]
[Black "Johansson, Carl Fredrik"]
[Result "0-1"]
[WhiteElo "2414"]
[BlackElo "2173"]

1.e4 c5 2.Nf3 d6 3.d4 Nf6 4.Nc3 cxd4 5.Qxd4 Nc6 6.Bb5 Bd7 7.Bxc6 Bxc6 8.
Bg5 e6 9.O-O-O Be7 10.Rhg1 Qa5 11.Kb1 Rc8 12.h4 h6 13.Be3 b5 14.a3 e5 15.
Qxa7 Qxa7 16.Bxa7 Nxe4 17.Nd5 Bd8 18.Rge1 f5 19.h5 O-O 20.Ng1 Bb7 21.f3 
Nf6 22.Nxf6+ Rxf6 23.Ne2 Rc4 24.b3 Rc6 25.Kb2 Rf7 26.Bb8 Bc7 27.Bxc7 Rfxc7
28.Rd2 Kf7 29.Red1 Ke6 30.Nc1 d5 31.f4 d4 32.fxe5 Rc3 33.Ne2 Be4 34.Nxd4+ 
Kxe5 35.Re1 R3c5 36.Ree2 Rd5 37.c3 Rdc5 38.b4 Rd5 39.Nf3+ Kf4 40.Rxd5 Bxd5
41.Nd4 Rf7 42.Rf2+ Kg4 43.Nxb5 Kg3 44.Rd2 Bxg2 45.Nd6 Rf6 46.c4 f4 47.c5 
Re6 48.Nf5+ Kh3 49.Rd4 Kg4 50.Nd6 Kg3 51.b5 f3 52.Nf5+ Kh2 53.Rf4 Re5 54.
b6 Rxc5 55.a4 Rc8 56.a5 Kg1 57.Ne3 Rc5 58.Rb4 f2 59.a6 Re5 60.b7 Rxe3 61.
b8=Q f1=Q 62.Qb6 Qf2+ 63.Ka1 Re1+ 0-1

[Event "Nordic Championship"]
[Site "Vaxjo"]
[Date "2017.06.29"]
[Round "5.11"]
[White "Rydstrom, Tom"]
[Black "Ernst, Thomas"]
[Result "0-1"]
[WhiteElo "2313"]
[BlackElo "2381"]

1.e4 c5 2.Nf3 e6 3.d4 cxd4 4.Nxd4 a6 5.Nc3 Qc7 6.g3 Nc6 7.Bg2 h5 8.h3 Nge7
9.Nb3 h4 10.g4 Ng6 11.O-O Nf4 12.Re1 Nxg2 13.Kxg2 Be7 14.Nd5 exd5 15.exd5 
O-O 16.dxc6 dxc6 17.Qe2 Be6 18.c4 Rae8 19.Be3 b5 20.Nd2 bxc4 21.Kg1 Bd5 
22.Rac1 Bb4 23.a3 Ba5 24.Qd1 Qe5 25.f4 Qc7 26.Nxc4 Bxe1 27.Qxe1 Re4 28.Nd2
Qe7 29.Nxe4 Qxe4 30.Qd2 Re8 31.Rc3 Qh1+ 32.Kf2 Qxh3 33.g5 Qg3+ 34.Kf1 h3 
0-1

[Event "Nordic Championship"]
[Site "Vaxjo"]
[Date "2017.06.29"]
[Round "5.12"]
[White "Kucuksari, Kaan"]
[Black "Nielsen, Rogvi Egilstoft"]
[Result "1/2-1/2"]
[WhiteElo "2299"]
[BlackElo "2353"]

1.d4 f5 2.Nf3 Nf6 3.c4 e6 4.g3 d6 5.Bg2 Be7 6.O-O O-O 7.b3 a5 8.Nc3 Qe8 9.
Bb2 Qh5 10.Qd3 Nc6 11.e4 e5 12.dxe5 dxe5 13.Nd5 fxe4 14.Nxf6+ Bxf6 15.Qxe4
Kh8 16.Rfe1 Bf5 17.Qe3 Rae8 18.a3 Bg4 19.Qe4 Be7 20.Nxe5 Bc5 21.Qxg4 Rxe5 
22.Qxh5 Rxh5 23.Re2 Nd4 24.Bxd4 Bxd4 25.Rd1 Bc5 26.Bxb7 Rhf5 27.Rd5 Rxd5 
28.Bxd5 Bxa3 29.Kg2 Bc5 30.f4 g6 31.Re6 Bd6 32.Bc6 Rb8 33.Bb5 Rd8 34.Kf3 
Kg7 35.Bc6 Rb8 36.Re3 Rd8 37.Re6 Kf7 38.Re3 Kg7 39.Rd3 Be7 40.Rxd8 Bxd8 
41.Ke4 Kf6 42.Kd5 Be7 43.Bd7 Bd6 44.Kc6 g5 45.fxg5+ Kxg5 46.Kd5 h5 47.c5 
Be7 48.h4+ Kh6 49.Kc6 Bf8 50.Be8 Be7 51.Bf7 Bf8 52.Kb5 Be7 53.Kc4 Bf6 54.
Kd5 Bc3 55.Ke4 Bb4 56.c6 Bd6 57.Kf3 Be5 58.g4 hxg4+ 59.Kxg4 Bd6 1/2-1/2

[Event "Nordic Championship"]
[Site "Vaxjo"]
[Date "2017.06.29"]
[Round "5.13"]
[White "Seo, Jung Min"]
[Black "Rostgaard, Tobias Valentin"]
[Result "1/2-1/2"]
[WhiteElo "2276"]
[BlackElo "2327"]

1.e4 e5 2.Nf3 Nc6 3.Bb5 Nf6 4.O-O Nxe4 5.Re1 Nd6 6.Nxe5 Nxe5 7.Rxe5+ Be7 
8.Bf1 O-O 9.Nc3 Ne8 10.Nd5 Bd6 11.Re1 c6 12.Ne3 Bc7 13.Nf5 d5 14.Ne7+ Kh8 
15.Nxc8 Rxc8 16.d4 Nf6 17.g3 Ne4 18.Bd3 f5 19.Qf3 f4 20.Qh5 g6 21.Qh6 Qf6 
22.Bxf4 Bxf4 23.Qxf4 Qxd4 24.Qe3 Qxe3 25.fxe3 Nd2 26.Kg2 Nf3 27.Rf1 Ne5 
28.Rxf8+ Rxf8 29.Be2 Kg7 30.c3 Re8 31.Kf2 Kf6 32.Rd1 Ke6 33.Rd4 c5 34.Ra4 
Rf8+ 35.Kg2 a6 36.e4 c4 37.exd5+ Kxd5 38.b3 Ke4 39.Bxc4 Ke3 40.Bd5 Rf2+ 
41.Kg1 Nf3+ 42.Bxf3 Rxf3 43.Rd4 Rf2 44.Rd7 Rxa2 45.Rxb7 h5 46.Rb6 g5 47.
Rf6 g4 48.c4 Rb2 49.Re6+ Kf3 50.Rf6+ Ke3 51.Rxa6 Rb1+ 52.Kg2 Rb2+ 53.Kg1 
Rb1+ 54.Kg2 Rb2+ 55.Kg1 1/2-1/2

[Event "Nordic Championship"]
[Site "Vaxjo"]
[Date "2017.06.29"]
[Round "5.14"]
[White "Kenneskog, Theodor"]
[Black "Fors, Tomas"]
[Result "1-0"]
[WhiteElo "2318"]
[BlackElo "2157"]

1.d4 Nf6 2.c4 e6 3.Nc3 Bb4 4.e3 b6 5.Ne2 Ne4 6.f3 Nxc3 7.bxc3 Be7 8.e4 c5 
9.Ng3 O-O 10.Bd3 Nc6 11.Be3 cxd4 12.cxd4 Bb4+ 13.Kf2 Bc3 14.h4 Bxa1 15.
Qxa1 d5 16.cxd5 exd5 17.Qb1 h6 18.e5 Qe7 19.Nh5 Qe6 20.Rh3 Nxe5 21.dxe5 
Qxe5 22.g4 Re8 23.f4 Qc3 24.f5 Bd7 25.f6 g6 26.Bxg6 Bxg4 27.Bxf7+ Kh8 28.
Bxe8 Rxe8 29.f7 Rc8 30.Qg6 Qb2+ 31.Kg3 1-0

[Event "Nordic Championship"]
[Site "Vaxjo"]
[Date "2017.06.29"]
[Round "5.15"]
[White "Olofsson-Dolk, Mattis"]
[Black "Pantzar, Milton"]
[Result "1-0"]
[WhiteElo "2203"]
[BlackElo "2313"]

1.e4 e5 2.Nf3 Nc6 3.Bb5 a6 4.Ba4 Nf6 5.O-O Be7 6.d3 d6 7.c3 O-O 8.Re1 b5 
9.Bc2 d5 10.Nbd2 dxe4 11.dxe4 Be6 12.h3 h6 13.Nh2 Nh7 14.Ng4 Bg5 15.Qe2 
Qe7 16.Nf3 Bxc1 17.Rexc1 Bxg4 18.hxg4 Ng5 19.Nxg5 Qxg5 20.b4 Rad8 21.Rd1 
Ne7 22.a4 c6 23.axb5 axb5 24.Bb3 Ng6 25.Ra7 Nf4 26.Qf3 Rxd1+ 27.Qxd1 Rd8 
28.Rd7 Rxd7 29.Qxd7 Ne2+ 30.Kf1 Qc1+ 31.Kxe2 Qb2+ 32.Ke3 Qxb3 33.Qc8+ Kh7 
34.Qf5+ g6 35.Qxe5 Qd1 36.Qf6 Qd7 37.f4 Kg8 38.f5 Qa7+ 39.Qd4 Qa1 40.Kf4 
g5+ 41.Ke5 Qf1 42.Kf6 1-0

[Event "Nordic Championship"]
[Site "Vaxjo"]
[Date "2017.06.29"]
[Round "5.16"]
[White "Krantz, Christopher"]
[Black "Tuomainen, Felix"]
[Result "1/2-1/2"]
[WhiteElo "2200"]
[BlackElo "2294"]

1.d4 d5 2.Bf4 Nf6 3.e3 c5 4.c3 Nc6 5.Nd2 e6 6.Ngf3 Bd6 7.Bg3 O-O 8.Bd3 b6 
9.e4 Be7 10.e5 Nh5 11.a3 c4 12.Bc2 b5 13.O-O a5 14.h4 Nxg3 15.fxg3 Bd7 16.
Nh2 Qe8 17.Qe2 f5 18.exf6 gxf6 19.Ndf3 f5 20.g4 Bd6 21.Ne5 Bxe5 22.dxe5 d4
23.cxd4 Nxd4 24.Qd2 Nxc2 25.Qxc2 Qe7 26.gxf5 exf5 27.Rad1 Rad8 28.Nf3 Bc6 
29.Rxd8 Qxd8 30.Qf2 Qe7 31.Qg3+ Kh8 32.Qf4 Be4 33.Ng5 Bd3 34.Re1 h6 35.Nh3
Kh7 36.Nf2 b4 37.e6 bxa3 38.bxa3 Qg7 39.e7 Re8 40.Nxd3 cxd3 41.Qxf5+ Qg6 
42.Qxg6+ Kxg6 43.Kf2 d2 44.Rd1 Rxe7 45.Rxd2 Re4 46.h5+ Kg7 47.Rd7+ Kf6 48.
Rd6+ Kg7 49.Rg6+ Kh7 50.Rg3 Rh4 51.Rh3 Rc4 52.Rd3 Rh4 53.Rd7+ Kg8 54.Rd5 
Ra4 55.Rd3 Rh4 56.Rd5 Ra4 57.Kf3 Rxa3+ 58.Kf4 Kg7 59.g4 Ra1 60.Rd7+ Kg8 
61.Ra7 Rf1+ 62.Ke5 a4 63.Rxa4 Rf7 64.Ra6 Kg7 65.Rg6+ Kh7 66.Rf6 Rg7 67.Kf4
Ra7 68.Re6 Kg7 69.Rg6+ Kh7 70.Rd6 Kg7 71.Ke5 Re7+ 72.Re6 Ra7 73.Rg6+ Kh7 
74.Rd6 Rg7 75.Rd4 Rg5+ 76.Kf6 Kh8 77.Rd8+ Kh7 78.Rd7+ 1/2-1/2

[Event "Nordic Championship"]
[Site "Vaxjo"]
[Date "2017.06.29"]
[Round "5.17"]
[White "Brynell, Stellan"]
[Black "Rishovd, Svein"]
[Result "1-0"]
[WhiteElo "2434"]
[BlackElo "2092"]

1.Nf3 d5 2.g3 Bg4 3.Bg2 Nd7 4.d4 e6 5.O-O Ngf6 6.c4 c6 7.Nbd2 Be7 8.b3 O-O
9.Bb2 h6 10.Re1 Bf5 11.Ne5 Bh7 12.Nd3 Re8 13.a3 a5 14.Bc3 Ne4 15.Nxe4 dxe4
16.Nb2 Qc7 17.Qd2 e5 18.Nd1 exd4 19.Bxd4 Bf6 20.Ne3 Rad8 21.Bxf6 Nxf6 22.
Qc3 Qe5 23.Qxe5 Rxe5 24.Red1 Ree8 25.c5 Nd7 26.Rac1 Ne5 27.Bh3 g6 28.Kf1 
f5 29.Ke1 Kg7 30.Rd2 Bg8 31.Rc3 Kf6 32.Bg2 h5 33.h4 a4 34.b4 Rxd2 35.Kxd2 
Rd8+ 36.Ke1 Bb3 37.f3 Rd4 38.fxe4 fxe4 39.Bh3 Be6 40.Bf1 Bb3 41.Bh3 Be6 
42.Bxe6 Kxe6 43.Rc2 Kf6 44.Rd2 Rd7 45.Rxd7 Nxd7 46.Nc4 Ke6 47.Kd2 Nf6 48.
Kc3 Kf5 49.Ne3+ Ke5 50.Kc4 Nd5 51.Nxd5 cxd5+ 52.Kc3 d4+ 53.Kc4 d3 54.exd3 
e3 55.Kc3 Kf5 56.Kc2 Kg4 57.Kd1 Kxg3 58.Ke2 Kf4 59.b5 1-0

[Event "Nordic Championship"]
[Site "Vaxjo"]
[Date "2017.06.29"]
[Round "5.18"]
[White "Vernersson, Per"]
[Black "Alquist, Erik"]
[Result "1-0"]
[WhiteElo "2290"]
[BlackElo "2040"]

1.d4 Nf6 2.c4 g6 3.Nc3 Bg7 4.e4 d6 5.Nf3 O-O 6.Be2 e5 7.O-O Nc6 8.d5 Ne7 
9.Ne1 Nd7 10.Nd3 f5 11.f3 f4 12.Bd2 Nf6 13.c5 g5 14.Rc1 Ng6 15.cxd6 cxd6 
16.Nf2 h5 17.h3 Rf7 18.a4 Bf8 19.Nb5 Rg7 20.a5 Nh4 21.Rc3 a6 22.Na3 b5 23.
axb6 Qxb6 24.Nc4 Qa7 25.Kh2 g4 26.fxg4 hxg4 27.Bxg4 Bxg4 28.hxg4 Qd4 29.
Qe2 Raa7 30.Rh3 Rh7 31.Bc3 Qc5 32.Ra1 Rag7 33.Be1 Qc8 34.Nb6 Nxg4+ 35.Nxg4
Qxg4 36.Qxg4 Rxg4 37.Bxh4 Rgxh4 38.Rxh4 Rxh4+ 39.Kg1 Rg4 40.Kf2 Be7 41.
Rxa6 Bh4+ 42.Kf1 Rg3 43.Ra3 Rg7 44.Nc4 Rc7 45.b3 Kf8 46.Ra8+ Kg7 47.Ra6 
Bg3 48.Ke2 Rb7 49.Rb6 Ra7 50.Rxd6 Ra2+ 51.Nd2 Bh2 52.Kd3 Bg1 53.Rc6 Be3 
54.Rc2 Ra1 55.Nf3 Rb1 56.Nxe5 Rxb3+ 57.Kc4 Ra3 58.Kb4 Ra1 59.Kb5 Rd1 60.
Kc6 Rd4 61.d6 Kf6 62.Nd7+ Ke6 63.Nc5+ Ke5 64.d7 1-0

[Event "Nordic Championship"]
[Site "Vaxjo"]
[Date "2017.06.29"]
[Round "5.19"]
[White "Thornblad, Erik"]
[Black "Keinanen, Toivo"]
[Result "1/2-1/2"]
[WhiteElo "2107"]
[BlackElo "2287"]

1.e4 e6 2.d4 d5 3.Nd2 c5 4.exd5 Qxd5 5.Ngf3 cxd4 6.Bc4 Qd6 7.O-O Nf6 8.Nb3
Nc6 9.Nbxd4 Nxd4 10.Nxd4 a6 11.Re1 Qc7 12.Bb3 Bd6 13.Nf5 Bxh2+ 14.Kh1 O-O 
15.Nxg7 Rd8 16.Qf3 Kxg7 17.Bh6+ Kg6 18.c3 Nh5 19.Be3 f5 20.Bc2 Nf6 21.g4 
b5 22.gxf5+ Kg7 23.Qg2+ Kh8 24.Bg5 Rf8 25.Bxf6+ Rxf6 26.Qxa8 Rf8 27.Qg2 
exf5 28.Qxh2 Bb7+ 29.Be4 Bxe4+ 30.Rxe4 Qxh2+ 31.Kxh2 fxe4 32.Kg3 Rf3+ 33.
Kg2 Rd3 34.Re1 Rd2 35.Rxe4 Rxb2 36.a4 bxa4 37.Rxa4 Rb6 38.Ra5 Rc6 39.f3 
Kg7 40.Kg3 Kg6 41.Rd5 1/2-1/2

[Event "Nordic Championship"]
[Site "Vaxjo"]
[Date "2017.06.29"]
[Round "5.20"]
[White "Crevatin, Leo"]
[Black "Thogersen, Rasmus"]
[Result "0-1"]
[WhiteElo "2044"]
[BlackElo "2222"]

1.d4 Nf6 2.c4 g6 3.f3 d5 4.cxd5 Nxd5 5.e4 Nb6 6.Nc3 Bg7 7.Be3 O-O 8.Qd2 
Nc6 9.Rd1 Qd6 10.e5 Qb4 11.a3 Qb3 12.Bd3 Rd8 13.Nge2 Nc4 14.Bxc4 Qxc4 15.
f4 f6 16.Qc1 Na5 17.b4 Nb3 18.Qb2 fxe5 19.fxe5 a5 20.bxa5 c5 21.Ne4 cxd4 
22.Nxd4 Bg4 23.Nd2 Nxd2 24.Rxd2 Bxe5 25.h3 Bg3+ 26.Bf2 Rxd4 27.Rxd4 Qe6+ 
28.Kf1 Rf8 29.Rxg4 Bxf2 30.Qxf2 Qe3 31.Qxf8+ Kxf8 32.Rg1 e5 33.Rb4 Qxa3 
34.Rxb7 Qc1+ 35.Ke2 Qxg1 36.a6 Qxg2+ 37.Ke3 Qxh3+ 38.Ke4 Qf5+ 39.Kd5 Qd3+ 
0-1

[Event "Nordic Championship"]
[Site "Vaxjo"]
[Date "2017.06.29"]
[Round "5.21"]
[White "Emmoth, Alfons"]
[Black "Lind, Jan-Olov"]
[Result "0-1"]
[WhiteElo "2053"]
[BlackElo "2222"]

1.d4 Nf6 2.c4 g6 3.Nc3 Bg7 4.e4 d6 5.Nf3 O-O 6.Be2 e5 7.O-O exd4 8.Nxd4 
Re8 9.f3 c6 10.Nc2 Na6 11.Bf4 Nh5 12.Be3 f5 13.Qd2 f4 14.Bf2 Be5 15.Ne1 
Ng3 16.Nd3 Nxf1 17.Bxf1 g5 18.Rd1 Qf6 19.Nxe5 dxe5 20.c5 Be6 21.Bxa6 bxa6 
22.b3 Rad8 23.Qe2 Rxd1+ 24.Nxd1 Rd8 25.Nb2 Rd7 26.Be1 g4 27.fxg4 Rg7 28.h3
h5 29.Nc4 hxg4 30.hxg4 Bxg4 31.Qd2 Bh3 32.g3 fxg3 33.Qe2 Bg4 34.Qd2 Bf3 
0-1

[Event "Nordic Championship"]
[Site "Vaxjo"]
[Date "2017.06.29"]
[Round "5.22"]
[White "Karlsson, Ulf"]
[Black "Nygren, Kim"]
[Result "0-1"]
[WhiteElo "2027"]
[BlackElo "2184"]

1.e4 e6 2.d3 d5 3.Nd2 c5 4.g3 Nc6 5.Bg2 Nf6 6.Ngf3 b6 7.O-O Bb7 8.Re1 Be7 
9.exd5 Nxd5 10.Ne4 Qd7 11.Bd2 Bf6 12.Nxf6+ gxf6 13.Bc3 O-O-O 14.Qd2 h5 15.
Nh4 Rhg8 16.Qe2 Rg4 17.Nf3 Nf4 18.gxf4 Rdg8 19.Kh1 Rxg2 20.Rg1 R2g6 21.
Rxg6 Rxg6 22.Rg1 Ne7 23.Rxg6 Nxg6 24.Bxf6 Qd5 25.Qe4 Qf5 0-1

[Event "Nordic Championship"]
[Site "Vaxjo"]
[Date "2017.06.29"]
[Round "5.23"]
[White "Helin, Mikael"]
[Black "Storme, Isak"]
[Result "1-0"]
[WhiteElo "1861"]
[BlackElo "2129"]

1.e4 c5 2.c4 Nc6 3.Nc3 g6 4.g3 Bg7 5.Bg2 Nf6 6.h3 d6 7.d3 O-O 8.Nge2 Ne8 
9.g4 Nc7 10.O-O Ne6 11.f4 Ned4 12.Ng3 e6 13.g5 f6 14.h4 fxg5 15.hxg5 e5 
16.f5 gxf5 17.exf5 Bxf5 18.Nxf5 Rxf5 19.Rxf5 Nxf5 20.Qg4 Nfd4 21.Be4 Ne7 
22.Bd2 Qc8 23.Qh5 Ng6 24.Rf1 Ne6 25.Nd5 Qe8 26.Nf6+ Bxf6 27.gxf6 Qf7 28.
Bd5 Ngf4 29.Qg4+ Kh8 30.Bxf4 Rg8 31.Bg5 Nxg5 32.Kh1 Qg6 33.Bxg8 Qxg8 34.
Qh5 h6 35.f7 Qf8 36.Rf6 Kh7 37.Rxh6+ Qxh6 38.Qxh6+ 1-0

[Event "Nordic Championship"]
[Site "Vaxjo"]
[Date "2017.06.29"]
[Round "5.24"]
[White "Ask, Josef"]
[Black "Pettersson, Anders"]
[Result "1-0"]
[WhiteElo "2120"]
[BlackElo "2057"]

1.e4 b6 2.d4 Bb7 3.Nc3 e6 4.Bd3 Bb4 5.Ne2 Ne7 6.a3 Bxc3+ 7.bxc3 O-O 8.Ng3 
f5 9.e5 Ng6 10.O-O Qh4 11.f4 Nc6 12.a4 Nce7 13.c4 a5 14.Be3 Kh8 15.Be2 
Rad8 16.Bf3 Ba6 17.Nh5 Ng8 18.Be2 Nh6 19.h3 Qe7 20.c3 Rg8 21.Rf3 Nf8 22.
Rg3 Nf7 23.Ra2 h6 24.Kh2 Nh7 25.d5 g6 26.d6 Qe8 27.dxc7 Rc8 28.Nf6 Nxf6 
29.exf6 Rxc7 30.Bxb6 Rc6 31.Qd4 g5 32.Bxa5 Kh7 33.Bb4 gxf4 34.Qxf4 Ng5 35.
Bd3 Rg6 36.Be7 Qf7 37.Rd2 e5 38.Qxe5 Rxc4 39.Bxf5 1-0